Výpočet určitého integrálu simulačnou metódou "Hit" alebo "Miss" Monte Carlo využitím Visual basic for applications v Exceli

Rýchly rozvoj technických možností a softvérového vybavenia počítačov a nové simulačné prístupy riešenia problémov, ktoré sú založené na kvalitatívne novom spôsobe využívania výpočtovej techniky. "Hit" alebo "Miss" Monte Carlo metóda na výpočet určitého integrálu. Praktická ukážka metódy "Hit" alebo...

ver descrição completa

Na minha lista:
Detalhes bibliográficos
Autor principal: Mucha, Vladimír, 1976-
Formato: Capítulo de Livro
Idioma:eslovaco
Assuntos:
Tags: Adicionar Tag
Sem tags, seja o primeiro a adicionar uma tag!

MARC

LEADER 00000naa$a2200000$$$4500
001 0097954
005 20240502072100.7
041 0 |a slo 
044 |a SK 
245 1 0 |a Výpočet určitého integrálu simulačnou metódou "Hit" alebo "Miss" Monte Carlo využitím Visual basic for applications v Exceli  |c Vladimír Mucha 
520 |a Rýchly rozvoj technických možností a softvérového vybavenia počítačov a nové simulačné prístupy riešenia problémov, ktoré sú založené na kvalitatívne novom spôsobe využívania výpočtovej techniky. "Hit" alebo "Miss" Monte Carlo metóda na výpočet určitého integrálu. Praktická ukážka metódy "Hit" alebo "Miss" Monte Carlo. 
610 2 0 |a matematika 
610 2 0 |a technika výpočtová 
610 2 0 |a simulácia 
610 2 0 |a metóda Monte Carlo 
610 2 0 |a pravdepodobnosť 
100 1 |a Mucha, Vladimír, 1976-